| 000 | 00488nam a2200145Ia 4500 | ||
|---|---|---|---|
| 003 | GCL | ||
| 008 | 140319s9999 xx 000 0 ara d | ||
| 040 |
_aGCL / _cGCL |
||
| 082 | 0 | 4 |
_a188 _bج ر |
| 100 | 1 | _aامام عبدالفتاح امام | |
| 245 | 1 | 0 |
_aروح الفلسفة المسيحية فى العصور الوسطى / _cامام عبدالفتاح امام |
| 700 | 1 | _aجلسون، اتين | |
| 300 | _a474 ص | ||
| 490 |
_aالهيئة العامة للاستعلامات _v0 |
||
| 999 |
_c48290 _d48290 |
||